[Event "Hoogeveen op 25th"]
[Site "Hoogeveen"]
[Date "2022.10.22"]
[Round "9"]
[White "Kompaan, Rick"]
[Black "Van De Mheen, Steven"]
[Result "0-1"]
[WhiteElo "1785"]
[BlackElo "1473"]
[PlyCount "70"]
[EventDate "2022.10.15"]
[EventType "swiss"]
[EventRounds "9"]
[EventCountry "NED"]
[SourceTitle "CBM 210 Extra"]
[Source "ChessBase"]
[SourceDate "2022.11.30"]
[SourceVersion "1"]
[SourceVersionDate "2022.11.30"]
[SourceQuality "1"]

1. d4 d5 2. c4 c6 3. Nf3 Bf5 4. Nc3 e6 5. Qb3 Qb6 6. c5 Qxb3 7. axb3 h6 8. b4 Be7 9. Bf4 a6 10. b5 Nd7 11. b4 Ngf6 12. bxc6 bxc6 13. b5 cxb5 14. Nxb5 0-0 15. Nc7 Ra7 16. Rxa6 Rxa6 17. Nxa6 Ra8 18. e3 Ne4 19. c6 Nb6 20. c7 g5 21. Bg3 f6 22. Ng1 Kf7 23. f3 Nd6 24. Bxd6 Bxd6 25. Bb5 Ra7 26. Ne2 Bxc7 27. 0-0 Bd6 28. Rc1 Nc4 29. Kf2 Ba3 30. Ra1 Bb2 31. Rh1 Nd6 32. e4 dxe4 33. fxe4 Bxe4 34. Ng3 Bxd4+ 35. Ke2 Bxg2 0-1